[Event "Tourn. n9083"]
[Site "www.chess-mail.com"]
[Date "2017.02.14"]
[Round "1"]
[White "Ozana"]
[Black "Francesco"]
[WhiteElo "2010"]
[BlackElo "1970"]
[Result "1-0"]
[Round "1"]
1.Ng1f3 d5
2.d4 Bc8g4
3.Nf3e5 Bg4h5
4.g4 Bh5g6
5.h4 h6
6.Ne5xg6 fxg6
7.Qd1d3 Qd8d6
8.Nb1c3 Nb8d7
9.Bf1g2 c6
10.e4 dxe4
11.Bg2xe4 O-O-O
12.Be4xg6 Ng8f6
13.Nc3e4 Nf6xe4
14.Qd3xe4 Nd7f6
15.Bg6f5 Kb8
16.Qe4e5 Nf6d7
17.Qe5xd6 exd6
18.Bc1e3 d5
19.O-O-O Bf8d6
20.g5 Rh8f8
21.Bf5xd7 Rd8xd7
22.gxh6 gxh6
23.Be3xh6 Rf8xf2
24.Rd1f1 Rf2xf1
25.Rh1xf1 Rd7h7
26.Bh6g5 Bd6g3
27.Rf1h1 Kc7
28.h5 Kd6
29.h6 Ke6
30.Kd2 Kf5
31.Bg5e3 Bg3f4
32.Rh1f1 Rh7xh6
33.Rf1xf4 { resign }
1-0

[Event "Tourn. n9212"]
[Site "www.chess-mail.com"]
[Date "2017.02.14"]
[Round "1"]
[White "Cal"]
[Black "Autmich"]
[WhiteElo "1640"]
[BlackElo "1690"]
[Result "0-1"]
[Round "1"]
1.c4 e5
2.e4 Ng8f6
3.h3 Nb8c6
4.Ng1f3 d6
5.Nb1c3 Bf8e7
6.a3 O-O
7.Bf1e2 Bc8e6
8.b4 a6
9.Bc1b2 Rf8e8
10.d3 Be7f8
11.Qd1d2 g6
12.O-O Bf8g7
13.c5 Qd8d7
14.Nf3h4 Nc6d4
15.cxd6 Qd7xd6
16.Nc3a4 Nd4b3
17.Qd2c3 Nb3xa1
18.Bb2xa1 Be6d7
19.Na4c5 b6
20.Nc5b3 Ra8c8
21.Qc3d2 Bd7a4
22.Nb3c1 c5
23.f4 Nf6xe4
24.Rf1f3 Ne4xd2
25.Rf3f2 Nd2b3
26.Nc1xb3 Ba4xb3
27.fxe5 Bg7xe5
28.Ba1xe5 Qd6xe5
29.Nh4f3 Qe5e3
30.Be2f1 Bb3d5
31.bxc5 Bd5xf3
32.gxf3 Rc8xc5
33.d4 Rc5c2
{ resign }
0-1

[Event "Tourn. n9166"]
[Site "www.chess-mail.com"]
[Date "2017.02.14"]
[Round "1"]
[White "Attatroll"]
[Black "Wegaman"]
[WhiteElo "1910"]
[BlackElo "1930"]
[Result "0-1"]
[Round "1"]
1.d4 Ng8f6
2.c4 g6
3.Nb1c3 Bf8g7
4.e4 d6
5.Ng1f3 O-O
6.Bf1d3 Bc8g4
7.Qd1b3 Bg4xf3
8.gxf3 b6
9.O-O Nb8d7
10.Bc1e3 e5
11.d5 Ra8b8
12.Be3g5 h6
13.Bg5h4 Rf8e8
14.a4 g5
15.Bh4g3 Nd7c5
16.Qb3c2 Qd8d7
17.Nc3b5 a6
18.Nb5c3 h5
19.h4 gxh4
20.Bg3xh4 Qd7h3
21.Bh4g3 h4
22.Bg3h2 Qh3xf3
23.Bd3e2 Qf3h3
24.f4 Nf6g4
25.Be2xg4 Qh3xg4
26.Qc2g2 Qg4xg2
27.Kxg2 exf4
28.Rf1xf4 Nc5d3
29.Rf4xh4 Nd3xb2
30.Ra1b1 Nb2xc4
31.Nc3e2 Nc4d2
32.Rb1b4 a5
33.Rb4b5 Nd2xe4
34.Ne2f4 Ne4f6
35.Kf3 Re8e5
36.Nf4d3 Re5xd5
37.Rb5xd5 Nf6xd5
38.Rh4g4 Rb8e8
39.Nd3f4 Nd5xf4
40.Bh2xf4 Re8e6
41.Bf4g5 Re6g6
42.Kf4 f6
43.Bg5h4 Rg6xg4
44.Kxg4 Kf7
{ resign }
0-1

[Event "Tourn. n9212"]
[Site "www.chess-mail.com"]
[Date "2017.02.14"]
[Round "1"]
[White "Autmich"]
[Black "Olddog55"]
[WhiteElo "1690"]
[BlackElo "1800"]
[Result "1-0"]
[Round "1"]
1.e4 e5
2.Ng1f3 Bf8d6
3.Nb1c3 Nb8c6
4.Bf1b5 a6
5.Bb5a4 b5
6.Ba4b3 Qd8f6
7.d3 Ng8e7
8.O-O O-O
9.Nc3d5 Ne7xd5
10.Bb3xd5  { time }
1-0

[Event "Match"]
[Site "www.echecsemail.com"]
[Date "2017.02.14"]
[Round "1"]
[White "Manuelito"]
[Black "Balbyns"]
[WhiteElo "1660"]
[BlackElo "1759"]
[Result "0-1"]
[Round "1"]
1.d4 d5
2.e3 Ng8f6
3.Ng1f3 a6
4.c4 e6
5.Nb1c3 c5
6.Bf1e2 cxd4
7.Nf3xd4 Bf8d6
8.O-O Qd8c7
9.cxd5 Nf6xd5
10.Nc3xd5 exd5
11.Bc1d2 Bd6xh2
12.Kh1 Bh2d6
13.Ra1c1 Nb8c6
14.Nd4xc6 bxc6
15.g3 Qc7d7
16.Be2f3 Qd7h3
17.Kg1 Bc8d7
18.Bf3g2 Qh3e6
19.Bd2c3 O-O
20.Rf1e1 Qe6g6
21.Qd1d4 Rf8e8
22.a3 Bd6e5
23.Qd4d2 Ra8b8
24.Bc3xe5 Re8xe5
25.Qd2a5 Rb8xb2
26.Qa5xa6 h5
27.Qa6a8 Re5e8
28.Qa8a7 h4
29.Qa7xd7 Re8e6
30.Qd7d8 Re6e8
31.Qd8xh4 Qg6d6
32.Rc1a1 Re8e6
33.Qh4d4 Rb2b3
34.a4 Re6g6
35.a5 Rb3b4
36.Qd4d3 Rg6h6
37.a6 Rb4h4
38.Kf1 Rh4h2
39.Bg2f3 Rh2xf2
40.Kxf2 Rh6h2
41.Bf3g2 Qd6f6
42.Kg1 Qf6h6
43.Kf2 Qh6f6
44.Ke2 Qf6b2
45.Kf1 Qb2xg2

0-1

[Event "Match"]
[Site "www.echecsemail.com"]
[Date "2017.02.14"]
[Round "1"]
[White "Forest"]
[Black "Karlgrocer"]
[WhiteElo "1760"]
[BlackElo "2090"]
[Result "1/2-1/2"]
[Round "1"]
1.Ng1f3 d5
2.d4 Ng8f6
3.Bc1g5 e6
4.e3 Bf8e7
5.Bf1d3 O-O
6.O-O b6
7.Nb1d2 Bc8b7
8.Nf3e5 Nf6d7
9.Bg5xe7 Qd8xe7
10.Nd2f3 Nd7xe5
11.Nf3xe5 Nb8d7
12.Ne5xd7 Qe7xd7
13.c3 c5
14.Qd1h5 g6
15.Qh5h6 c4
16.Bd3c2 a5
17.f4 f5
18.Ra1e1 b5
19.a3 Bb7a6
20.Rf1f3 Rf8f7
21.Rf3h3 a4
22.Re1f1 Rf7g7
23.Rf1f3 Ra8f8
24.Rf3g3 Qd7f7
25.Rg3g5 Ba6c8
26.Rh3g3 { draw }
1/2-1/2

[Event "Match"]
[Site "www.echecsemail.com"]
[Date "2017.02.14"]
[Round "1"]
[White "Jpmartinez"]
[Black "Micheles"]
[WhiteElo "2580"]
[BlackElo "2570"]
[Result "1-0"]
[Round "1"]
1.c4 Ng8f6
2.Nb1c3 e5
3.Ng1f3 Nb8c6
4.g3 d5
5.cxd5 Nf6xd5
6.Bf1g2 Nd5b6
7.d3 Bf8e7
8.O-O O-O
9.a3 Bc8e6
10.Bc1e3 f5
11.Ra1c1 Be7f6
12.Nf3d2 Ra8b8
13.Nd2b3 f4
14.Nb3c5 Be6g4
15.Be3d2 Nc6d4
16.h3 Bg4h5
17.g4 Bh5f7
18.Nc5xb7 Rb8xb7
19.Bg2xb7 c6
20.Nc3e4 Bf7b3
21.Qd1e1 f3
22.e3 Nd4e2
23.Kh2 Ne2xc1
24.Qe1xc1 Qd8xd3
25.Ne4c5 Qd3c4
26.Nc5xb3 Qc4xb3
27.Bd2b4 Rf8d8
28.Qc1xc6 e4
29.Qc6xe4 Bf6xb2
30.Kg3 Qb3c4
31.Rf1d1 Qc4c7
32.Kxf3 Qc7f7
33.Ke2 Rd8xd1
34.Kxd1 Bb2xa3
35.Bb4xa3 Qf7b3
36.Ke2 Qb3xa3
37.Qe4e6 Kf8
38.Bb7e4 g6
39.Qe6f6 Kg8
40.Qf6d8 Qa3f8
41.Qd8xf8 Kxf8
42.Kd3 Ke7
43.f4 { resign }
1-0

[Event "Match"]
[Site "www.echecsemail.com"]
[Date "2017.02.14"]
[Round "1"]
[White "Caspito"]
[Black "Yoj"]
[WhiteElo "1880"]
[BlackElo "1909"]
[Result "1-0"]
[Round "1"]
1.e4 Ng8f6
2.Nb1c3 e5
3.Ng1f3 Nb8c6
4.Bf1b5 Nc6d4
5.a4 c6
6.Bb5c4 d5
7.exd5 cxd5
8.Bc4a2 Bc8g4
9.d3 e4
10.dxe4 dxe4
11.Qd1xd4 exf3
12.Qd4c4 Qd8e7
13.Bc1e3 fxg2
14.Rh1g1 Bg4f3
15.Qc4f4 Bf3c6
16.O-O-O Nf6h5
17.Qf4g4 Nh5f6
18.Qg4h3 g6
19.Be3g5 Bf8g7
20.f3 h6
21.Bg5xf6 Qe7xf6
22.Rd1e1 Kf8
23.Rg1xg2 Bc6xf3
24.Rg2f2 Qf6g5
25.Kb1 Bg7xc3
26.bxc3 Bf3d5
27.c4 Bd5c6
28.Qh3e6 Rh8h7
29.c5 Bc6e8
30.Re1f1 Qg5e7
31.Qe6xg6 Rh7g7
32.Qg6xh6 Kg8
33.Qh6d6 Qe7xd6
34.cxd6 Ra8d8
35.Rf2f6 Rd8d7
36.h4 Rg7g4
37.h5 Rg4xa4
38.h6 Ra4h4
39.Rf1g1 Kh8
40.Rg1g7 Rh4xh6
41.Rg7g8  { time }
1-0

[Event "Match"]
[Site "www.echecsemail.com"]
[Date "2017.02.14"]
[Round "1"]
[White "Add"]
[Black "Juodivarnai"]
[WhiteElo "2130"]
[BlackElo "2120"]
[Result "1/2-1/2"]
[Round "1"]
1.e4 c5
2.Ng1f3 d6
3.h3 Ng8f6
4.Nb1c3 g6
5.d4 Nb8c6
6.d5 Nc6b8
7.b3 Bf8g7
8.Bc1b2 O-O
9.Bf1d3 Nb8d7
10.Qd1d2 Nd7e5
11.Nf3xe5 dxe5
12.Nc3e2 Qd8c7
13.f3 a6
14.g4 b5
15.c4 Ra8b8
16.Qd2g5 Nf6e8
17.Qg5d2 Ne8d6
18.a4 bxc4
19.bxc4 Qc7b6
20.Ra1b1 Qb6b4
21.Qd2xb4 Rb8xb4
22.O-O Nd6xc4
23.Bd3xc4 Rb4xc4
24.a5 Bc8d7
25.Bb2a3 Bd7b5
26.Rf1e1 Rc4c2
27.Rb1b2 Rc2xb2
28.Ba3xb2 Rf8b8
29.Ne2c3 Bb5d3
30.Re1e3 Bd3xe4
31.Nc3xe4 Rb8xb2
32.Ne4xc5 Rb2b5
33.Nc5xa6 Rb5xa5
34.Na6b4 Ra5b5
35.Nb4c6 Bg7f6
36.Nc6xe5 Rb5xd5
37.f4 Bf6xe5
38.fxe5 Kg7
39.Kf2 e6
40.g5 Kf8
41.Kg3 Ke7
42.h4 Kd7
{ draw }
1/2-1/2

[Event "Match"]
[Site "www.echecsemail.com"]
[Date "2017.02.14"]
[Round "1"]
[White "Karlgrocer"]
[Black "Yoj"]
[WhiteElo "2090"]
[BlackElo "1809"]
[Result "1-0"]
[Round "1"]
1.Ng1f3 f5
2.d4 d6
3.e3 Bc8d7
4.Bf1e2 Ng8f6
5.O-O e6
6.a3 Nb8c6
7.Nb1d2 a6
8.c4 Nc6e7
9.b4 d5
10.c5 Ne7c6
11.Bc1b2 Nf6e4
12.Nf3e5 Nc6xe5
13.dxe5 Ne4g5
14.Ra1c1 Qd8b8
15.f4 Ng5e4
16.Bb2d4 g6
17.Nd2xe4 dxe4
18.Qd1c2 c6
19.Be2c4  { time }
1-0

[Event "Match"]
[Site "www.echecsemail.com"]
[Date "2017.02.14"]
[Round "1"]
[White "Yoj"]
[Black "Calponas"]
[WhiteElo "1809"]
[BlackElo "2010"]
[Result "0-1"]
[Round "1"]
1.e4 c5
2.f4 d6
3.b3 Nb8c6
4.Bc1b2 e5
5.fxe5 dxe5
6.Ng1f3 Bf8d6
7.Bf1c4 Ng8f6
8.O-O O-O
9.d3 Bc8g4
10.Qd1d2 Rf8e8
11.Nf3g5 Bg4h5
12.Rf1f5 Bh5g6
13.Rf5f3 Re8e7
14.Nb1c3 a6
15.Nc3d5 Nf6xd5
16.Bc4xd5 h6
17.Ng5h3 Ra8c8
18.Ra1f1 Qd8e8
19.Qd2f2 Rc8c7
20.c4 Nc6d4
21.Bb2xd4 cxd4
22.g3 Bg6h5
23.Rf3f5 Bh5g4
 { time }
0-1

[Event "Match"]
[Site "www.echecsemail.com"]
[Date "2017.02.14"]
[Round "1"]
[White "Wagner"]
[Black "Yoj"]
[WhiteElo "1830"]
[BlackElo "1749"]
[Result "1-0"]
[Round "1"]
1.e4 e5
2.Bf1c4 Ng8f6
3.d4 Nf6xe4
4.Qd1f3 Ne4d6
5.Qf3c3 Nd6xc4
6.Qc3xc4 exd4
7.Qc4xd4 Qd8e7
8.Ng1e2 Nb8c6
9.Qd4c4 Qe7b4
10.Qc4xb4 Bf8xb4
11.c3 Bb4c5
12.O-O d5
13.b4 Bc5d6
14.Rf1d1 Bc8e6
15.Ne2g3 O-O-O
16.a3 g6
17.Bc1e3 f5
18.Ng3e2 Bd6e5
19.f4 Be5f6
20.b5 Nc6a5
21.Nb1d2 b6
22.Ra1b1 Na5c4
23.Nd2xc4 dxc4
24.Ne2d4 Be6d5
25.Be3f2 Bd5e4
26.Rb1b4 Rh8e8
27.Rb4xc4 Be4c2
28.Rd1c1 Bc2d3
29.Rc4c6 Bd3e4
30.Rc6xf6  { time }
1-0

[Event "Match"]
[Site "www.echecsemail.com"]
[Date "2017.02.14"]
[Round "1"]
[White "Yoj"]
[Black "Xkafi"]
[WhiteElo "2150"]
[BlackElo "1930"]
[Result "0-1"]
[Round "1"]
1.d4 d5
2.Bc1f4 Bc8f5
3.Nb1c3 e6
4.e4 dxe4
5.Nc3b5 Bf8d6
6.Bf4e3 Bd6b4
7.c3 Bb4a5
8.Qd1a4 c6
9.Nb5d6 Qd8xd6
10.Qa4xa5 Ng8e7
11.g3 Ne7d5
12.c4 b6
13.Qa5a4 Nd5e7
 { time }
0-1

[Event "1/128 Finale"]
[Site "www.chess-mail.com"]
[Date "2017.02.14"]
[Round "1"]
[White "Cal"]
[Black "Sbb"]
[WhiteElo "1630"]
[BlackElo "2590"]
[Result "0-1"]
[Round "1"]
1.Nb1c3 Ng8f6
2.e4 e5
3.a3 d5
4.exd5 Nf6xd5
5.Nc3e4 f5
6.Ne4g3 Nb8c6
7.c4 Nd5f6
8.d3 Bf8c5
9.Bc1e3 Bc5xe3
10.fxe3 O-O
11.Ng1f3 f4
12.exf4 Nf6g4
13.Qd1d2 exf4
14.Ng3e4 Ng4e3
15.b4 a5
16.b5 Nc6d4
17.Ra1b1 Bc8f5
18.Nf3e5 Bf5xe4
19.dxe4 f3
20.gxf3 Qd8h4
21.Qd2f2 Ne3c2
22.Kd2 Qh4xf2
23.Kc3 Nc2b4
24.axb4 axb4
25.Kxb4 Qf2d2
26.Kc5 Nd4e6
{ resign }
0-1

[Event "1/128 Finale"]
[Site "www.chess-mail.com"]
[Date "2017.02.14"]
[Round "1"]
[White "Alexis"]
[Black "Yoj"]
[WhiteElo "1809"]
[BlackElo "2090"]
[Result "0-1"]
[Round "1"]
1.f4 d6
2.Ng1f3 Bc8g4
3.e3 Ng8f6
4.b3 e6
5.Bc1b2 Nb8c6
6.Bf1e2 Bf8e7
7.O-O O-O
8.Nb1c3 Bg4xf3
9.Be2xf3 Qd8d7
10.Qd1e2 d5
 { time }
0-1

[Event "Eq:Equipo Juan Diaz-La Taverne : "]
[Site "www.chess-mail.com"]
[Date "2017.02.14"]
[Round "1"]
[White "Guidom"]
[Black "Yomismista"]
[WhiteElo "2050"]
[BlackElo "2500"]
[Result "0-1"]
[Round "1"]
1.e4 c5
2.Ng1f3 d6
3.d4 cxd4
4.Nf3xd4 Ng8f6
5.Nb1c3 e6
6.Bf1e2 a6
7.O-O Bf8e7
8.h3 O-O
9.Kh1 Qd8c7
10.Bc1e3 Nb8c6
11.Nd4f3 b5
12.Be2d3 Bc8b7
13.Qd1d2 Nc6a5
14.Ra1d1 Na5c4
15.Bd3xc4 Qc7xc4
16.Be3g5 b4
17.Bg5xf6 Be7xf6
18.Nc3a4 Qc4xe4
19.Rf1e1 Qe4f5
20.Re1e3 Ra8c8
21.c3 Qf5a5
22.b3 bxc3
23.Qd2c2 Qa5f5
24.Qc2xf5 exf5
25.Rd1c1 d5
26.Re3d3 d4
27.Nf3xd4 Rf8d8
28.Rc1d1 Rd8xd4
29.Rd3xd4 Bf6xd4
{ resign }
0-1

[Event "Fast Game"]
[Site "www.echecsemail.com"]
[Date "2017.02.14"]
[Round "1"]
[White "Avefenix17"]
[Black "Bitcoin"]
[WhiteElo "1599"]
[BlackElo "1599"]
[Result "0-1"]
[Round "1"]
1.e4 e5
2.Ng1f3 Nb8c6
3.Bf1b5 a6
4.Bb5a4 Bf8e7
5.O-O Ng8f6
6.Rf1e1 b5
7.Ba4b3 O-O
8.a4 b4
9.a5 Ra8b8
10.d4 exd4
11.e5 Nf6e8
12.Nf3xd4 Nc6xd4
13.Qd1xd4 d6
14.Nb1d2 c5
15.Qd4d3 Bc8b7
16.exd6 Ne8xd6
17.Nd2c4 Nd6xc4
18.Bb3xc4 Qd8xd3
19.Bc4xd3 Be7f6
20.Bc1f4 Rb8c8
21.Bf4e5 c4
22.Bd3f1 Bf6xe5
23.Re1xe5 Rf8d8
24.Re5e7 Bb7d5
 { time }
0-1

[Event "Fast Game"]
[Site "www.echecsemail.com"]
[Date "2017.02.14"]
[Round "1"]
[White "Piriot"]
[Black "Avefenix17"]
[WhiteElo "1479"]
[BlackElo "1599"]
[Result "1-0"]
[Round "1"]
1.e4 e6
2.d3 d5
3.Nb1d2 Ng8f6
4.Ng1f3 c5
5.g3 Nb8c6
6.Bf1g2 Bf8e7
7.O-O O-O
8.Rf1e1 Qd8c7
9.e5 Nf6d7
10.Qd1e2 b5
11.Nd2f1 Bc8b7
12.Bc1f4 a5
13.h4 Qc7b6
14.h5 h6
15.Nf1e3 Nc6d4
16.Nf3xd4 cxd4
17.Ne3g4 Rf8c8
18.Ra1c1  { time }
1-0

[Event "Fast Game"]
[Site "www.echecsemail.com"]
[Date "2017.02.14"]
[Round "1"]
[White "Gambitplayer"]
[Black "Pellix84"]
[WhiteElo "1589"]
[BlackElo "1610"]
[Result "1-0"]
[Round "1"]
1.d4 d5
2.c4 e6
3.Nb1c3 Ng8f6
4.cxd5 exd5
5.Bc1g5 c6
6.e3 Bc8e6
7.Ng1f3 h6
8.Bg5xf6 Qd8xf6
9.Bf1e2 Bf8d6
10.O-O Nb8d7
{ time. }
1-0

[Event "Fast Game"]
[Site "www.echecsemail.com"]
[Date "2017.02.14"]
[Round "1"]
[White "Pellix84"]
[Black "Mihaiiorga"]
[WhiteElo "1610"]
[BlackElo "1599"]
[Result "0-1"]
[Round "1"]
1.d4 g6
2.e4 d6
3.Bc1e3 Bf8g7
4.Bf1c4 e6
5.Qd1d2 Ng8e7
6.Be3h6 O-O
7.Bh6xg7 Kxg7
8.Nb1c3 a6
9.f4 b5
10.Bc4e2 Bc8b7
11.a3 d5
12.e5 c5
13.Ng1f3 cxd4
14.Nf3xd4 Nb8c6
15.O-O-O Nc6xd4
16.Qd2xd4 Ne7f5
17.Qd4d3 d4
18.Nc3e4 Bb7xe4
19.Qd3xe4 Qd8c7
20.g4 Nf5e3
21.Rd1xd4 Rf8c8
22.Be2d3 Ne3xg4
23.Qe4f3 Qc7c5
24.Qf3xg4 Qc5xd4
25.Rh1d1 b4
26.axb4 Qd4xb4
27.h4 Ra8b8
28.h5 Qb4xb2
29.Kd2 Rb8b4
30.hxg6 hxg6
31.Qg4h4 Qb2c3
32.Kc1 Rb4a4
{ resign }
0-1

[Event "Fast Game"]
[Site "www.echecsemail.com"]
[Date "2017.02.14"]
[Round "1"]
[White "Mihaiiorga"]
[Black "Cal"]
[WhiteElo "1599"]
[BlackElo "1700"]
[Result "1-0"]
[Round "1"]
1.Ng1f3 d5
2.g3 Nb8c6
3.e3 h6
4.Bf1g2 Ng8f6
5.b3 e5
6.Bc1b2 a6
7.Nf3xe5 Nc6xe5
8.Bb2xe5 Nf6d7
9.Be5b2 Bf8b4
10.Bb2xg7 Rh8h7
11.Bg7d4 c6
12.O-O Nd7f8
13.a3 Bc8f5
14.axb4 b5
15.c4 bxc4
16.bxc4 Bf5xb1
17.Qd1xb1 Nf8g6
18.cxd5 cxd5
19.Ra1a5 f5
20.Ra5xd5 Rh7d7
21.Rd5xd7 Qd8xd7
22.Bg2xa8 h5
23.Rf1c1 h4
24.Ba8c6 { resign }
1-0

[Event "Tourn. n9238"]
[Site "www.chess-mail.com"]
[Date "2017.02.15"]
[Round "1"]
[White "Actmy"]
[Black "Orhany24"]
[WhiteElo "2290"]
[BlackElo "2240"]
[Result "1-0"]
[Round "1"]
1.e4 c5
2.b3 d5
3.exd5 Qd8xd5
4.Nb1c3 Qd5d8
5.Bc1b2 Nb8c6
6.Ng1f3 f5
7.Bf1c4 Ng8f6
8.O-O e5
9.Nf3xe5 Nc6xe5
10.Rf1e1 Bf8d6
11.f4 Kf8
12.fxe5 { resign }
1-0

[Event "Tourn. n9229"]
[Site "www.chess-mail.com"]
[Date "2017.02.15"]
[Round "1"]
[White "Yaw1"]
[Black "Francesco"]
[WhiteElo "2149"]
[BlackElo "2010"]
[Result "0-1"]
[Round "1"]
1.d4 d5
2.Bc1f4 Ng8f6
3.Nb1c3 Bc8f5
4.Nc3b5 Nb8a6
5.c4 c6
6.Nb5c3 e6
7.cxd5 cxd5
 { time }
0-1

[Event "Tourn. n9170"]
[Site "www.chess-mail.com"]
[Date "2017.02.15"]
[Round "1"]
[White "Gimmyg"]
[Black "Rons"]
[WhiteElo "2530"]
[BlackElo "2550"]
[Result "1/2-1/2"]
[Round "1"]
1.Ng1f3 Ng8f6
2.e3 g6
3.b3 c5
4.Bc1b2 d5
5.c4 dxc4
6.Bf1xc4 Bf8g7
7.Nf3e5 O-O
8.Bc4e2 Bc8f5
9.Nb1c3 Nb8d7
10.Ne5c4 Qd8b8
11.a4 Nd7e5
12.O-O Ne5d3
13.Bb2a3 Rf8d8
14.Ra1b1 h6
15.f3 b6
16.g4 Bf5e6
17.Qd1c2 Nd3b4
18.Ba3xb4 cxb4
19.Nc3e4 Nf6xe4
20.Qc2xe4 Qb8c7
21.Rb1c1 Be6d5
22.Qe4b1 e5
23.e4 Bd5b7
24.Nc4e3 Qc7d6
25.Rf1d1 Bg7f6
26.Be2c4 Ra8c8
27.Ne3d5 Kg7
28.Qb1d3 Bf6g5
29.Kg2 Rd8h8
30.Rd1h1 Bb7xd5
31.Bc4xd5 Bg5f4
32.h4 Qd6d7
33.Rc1xc8 Rh8xc8
34.Kf2 Qd7d8
35.Ke2 Qd8e7
36.h5 gxh5
37.Rh1xh5 Rc8c1
38.Bd5c4 Bf4g5
39.f4 exf4
40.Qd3d5 a5
41.Kf3 Rc1e1
42.Qd5d4 Kg8
43.Qd4d5 Qe7f6
44.Qd5d7 Kf8
45.Qd7c8 Kg7
46.Qc8c7 { draw }
1/2-1/2

[Event "Tourn. n9178"]
[Site "www.chess-mail.com"]
[Date "2017.02.15"]
[Round "1"]
[White "Pachi"]
[Black "Lucaschess"]
[WhiteElo "1540"]
[BlackElo "1499"]
[Result "0-1"]
[Round "1"]
1.e4 e5
2.Ng1f3 Nb8c6
3.g3 Ng8f6
4.Bf1c4 Bf8e7
5.O-O d5
6.exd5 Nf6xd5
7.b3 Bc8g4
8.d3 Nc6d4
9.Nb1d2 Nd5c3
10.Qd1e1 Bg4xf3
11.Nd2xf3 Nd4xf3
12.Kh1 Nf3xe1
13.Rf1xe1 a6
14.Re1xe5 b5
15.Bc4d5 Nc3xd5
16.c4 bxc4
17.dxc4 Nd5b4
18.f4 O-O
19.h3 Rf8e8
20.g4 Qd8d4
21.Ra1b1 Be7c5
22.Bc1e3 Qd4xe5
23.fxe5 Bc5xe3
24.a3 Nb4d3
25.Rb1d1 Nd3f2
{ resign }
0-1

[Event "Tourn. n9212"]
[Site "www.chess-mail.com"]
[Date "2017.02.15"]
[Round "1"]
[White "Autmich"]
[Black "Genius9"]
[WhiteElo "1690"]
[BlackElo "1720"]
[Result "0-1"]
[Round "1"]
1.e4 c5
2.Ng1f3 d6
3.d4 cxd4
4.Nf3xd4 Ng8f6
5.Nb1c3 g6
6.Bc1e3 Bf8g7
7.Bf1b5 Bc8d7
8.O-O O-O
9.Bb5xd7 Nb8xd7
10.Rf1e1 Nd7c5
11.Qd1f3 h6
12.Qf3g4 Nf6xg4
{ resign }
0-1

[Event "Tourn. n9099"]
[Site "www.chess-mail.com"]
[Date "2017.02.15"]
[Round "1"]
[White "Pachi"]
[Black "Vasylpuzanov"]
[WhiteElo "1490"]
[BlackElo "1330"]
[Result "0-1"]
[Round "1"]
1.e4 e5
2.Ng1f3 Nb8c6
3.Bf1c4 Ng8f6
4.d3 Bf8c5
5.Nf3g5 O-O
6.Nb1c3 d6
7.Qd1f3 Nc6d4
8.Qf3d1 h6
9.Ng5xf7 Rf8xf7
10.Bc4xf7 Kxf7
11.O-O Bc8g4
12.f3 Nd4xf3
13.Kh1 Nf3xh2
14.Qd1e1 Nh2xf1
15.Qe1xf1 c6
16.a3 d5
17.exd5 cxd5
18.b4 Bc5d4
19.Bc1b2 Ra8c8
20.Nc3e2 Bg4xe2
21.Qf1xe2 Bd4xb2
22.Ra1f1 Bb2xa3
23.d4 exd4
24.Rf1e1 Nf6e4
25.Re1f1 Kg8
26.Kg1 Ba3xb4
27.Rf1f5 Bb4c5
28.Qe2d3 Bc5b6
29.Kf1 Qd8h4
30.Ke2 Ne4g3
31.Kd2 Ng3xf5
32.Qd3xf5 Qh4g5
33.Qf5xg5 hxg5
{ resign }
0-1

[Event "Tourn. n9173"]
[Site "www.chess-mail.com"]
[Date "2017.02.15"]
[Round "1"]
[White "Julian"]
[Black "Bojan"]
[WhiteElo "2040"]
[BlackElo "2020"]
[Result "1-0"]
[Round "1"]
1.e4 e5
2.Ng1f3 Nb8c6
3.d4 exd4
4.c3 dxc3
5.Nb1xc3 h6
6.Bf1c4 Bf8b4
7.O-O d6
8.Nc3d5 Bb4c5
9.e5 dxe5
10.Rf1e1 Bc8e6
11.Nf3xe5 Nc6xe5
12.Re1xe5 Ng8e7
13.Bc1e3 Bc5xe3
14.Nd5xe3 Be6xc4
15.Ne3xc4 Kf8
16.Qd1e2 Ne7g6
17.Re5e4 Qd8d5
18.Ra1d1 Qd5c6
19.Rd1c1 Kg8
20.h4 Kh7
21.Qe2e3 a6
22.Nc4e5 Qc6f6
23.Ne5xg6 fxg6
24.Rc1xc7 Qf6xb2
25.Re4e7 Rh8g8
26.Rc7xb7 Qb2f6
27.h5 gxh5
28.Qe3e4 Kh8
29.Re7e6 Qf6a1
30.Kh2 a5
31.Re6xh6 { resign }
1-0

[Event "Tourn. n9083"]
[Site "www.chess-mail.com"]
[Date "2017.02.15"]
[Round "1"]
[White "Julian"]
[Black "Ozana"]
[WhiteElo "1900"]
[BlackElo "2010"]
[Result "0-1"]
[Round "1"]
1.e4 d6
2.d4 Ng8f6
3.Nb1c3 e5
4.Bc1g5 Bf8e7
5.dxe5 dxe5
6.Qd1xd8 Kxd8
7.O-O-O Nb8d7
8.Ng1f3 Ke8
9.Nc3b5 Be7d8
10.Bf1c4 a6
11.Nb5c3 c6
12.a4 b5
13.axb5 axb5
14.Bc4b3 h6
15.Bg5h4 Ra8a1
16.Nc3b1 Bd8c7
17.Rh1e1 Nd7c5
18.Bh4xf6 gxf6
19.Nf3h4 Rh8g8
20.g3 Ke7
21.Nh4f5 Bc8xf5
22.exf5 Rg8g5
23.f4 Rg5h5
24.fxe5 Rh5xh2
25.exf6 Kxf6
26.g4 Bc7f4
{ resign }
0-1

[Event "Tourn. n9197"]
[Site "www.chess-mail.com"]
[Date "2017.02.15"]
[Round "1"]
[White "Jazzy"]
[Black "Asoka"]
[WhiteElo "2379"]
[BlackElo "2720"]
[Result "0-1"]
[Round "1"]
1.d4 Ng8f6
2.Bc1g5 d5
3.Ng1f3 Nf6e4
4.Nb1d2 Ne4xg5
5.Nf3xg5 e5
6.Ng5f3 e4
7.Nf3g1 c5
8.e3 cxd4
9.exd4 Bf8d6
10.Qd1e2 O-O
11.g3 Nb8c6
12.c3 Bc8d7
13.Bf1g2 Qd8b6
14.Nd2b3 a5
15.Ng1h3 a4
16.Nb3c1 Nc6xd4
17.cxd4 Bd6b4
{ resign }
0-1

[Event "Tourn. n9203"]
[Site "www.chess-mail.com"]
[Date "2017.02.15"]
[Round "1"]
[White "Amaya"]
[Black "Churrasca"]
[WhiteElo "2090"]
[BlackElo "2190"]
[Result "0-1"]
[Round "1"]
1.d4 Ng8f6
2.e3 d5
3.Bf1d3 Nb8c6
4.c3 e5
5.dxe5 Nc6xe5
6.f4 Ne5g6
7.Ng1f3 Bf8e7
8.Nb1d2 O-O
9.O-O Be7c5
10.Rf1e1 Ng6xf4
11.Nd2f1 Nf4xd3
12.Qd1xd3 Rf8e8
13.Kh1 Nf6g4
14.Re1e2 a5
15.Nf3d4 b6
16.e4 Bc8a6
17.Qd3d2 Ba6xe2
18.Qd2xe2 Re8xe4
19.Qe2d3 Ng4f2
{ resign }
0-1

[Event "Tourn. n9046"]
[Site "www.chess-mail.com"]
[Date "2017.02.15"]
[Round "1"]
[White "Taxrama"]
[Black "Malbertan"]
[WhiteElo "1800"]
[BlackElo "2050"]
[Result "0-1"]
[Round "1"]
1.e4 e5
2.Ng1f3 Nb8c6
3.Bf1c4 Ng8f6
4.d3 d5
5.exd5 Nf6xd5
6.O-O Bf8e7
7.Rf1e1 Bc8g4
8.h3 Bg4xf3
9.Qd1xf3 Nd5f6
10.c3 O-O
11.Qf3g3 Nf6h5
12.Qg3g4 g6
13.Nb1d2 Nc6a5
14.Re1xe5 Na5xc4
15.dxc4 f5
16.Qg4d1 Be7d6
17.Re5d5 Qd8f6
18.Nd2f3 Nh5f4
19.Rd5d4 Nf4e6
20.Rd4d3 Ne6c5
21.Rd3e3 Nc5e4
22.Qd1d5 Kh8
23.Re3d3 Ra8d8
24.Qd5xb7 Ne4c5
25.Bc1g5 Nc5xb7
26.Bg5xf6 Rf8xf6
27.Ra1e1 Nb7c5
28.Rd3e3 Nc5e4
29.b4 Ne4xc3
30.a3 Nc3e4
31.Re3d3 Bd6e7
32.Rd3b3 Rf6c6
33.Nf3e5 Rc6f6
34.f3 Ne4d2
35.Rb3b2 Kg7
36.c5 Rf6e6
37.Re1d1 Nd2xf3
38.Ne5xf3 Rd8xd1
39.Kh2 Be7f6
40.Rb2c2 Rd1a1
41.Nf3d2 Ra1xa3
42.Rc2c1 Ra3c3
43.Rc1b1 Rc3c2
44.Nd2f3 Re6e2
45.Nf3e1 Rc2b2
46.Rb1d1 Bf6c3
47.Ne1f3 Re2xg2
48.Kh1 Rg2f2
49.Nf3h4 Bc3f6
50.Nh4xg6 Rf2h2
51.Kg1 hxg6
{ resign }
0-1

[Event "Tourn. n9159"]
[Site "www.chess-mail.com"]
[Date "2017.02.15"]
[Round "1"]
[White "Picifarkinca"]
[Black "Yoj"]
[WhiteElo "1630"]
[BlackElo "1749"]
[Result "1-0"]
[Round "1"]
1.e4 g5
2.d4 e6
3.c4 Bf8g7
4.Nb1c3 b6
5.f3 f5
6.e5 h6
7.h4 d6
8.hxg5 hxg5
9.Rh1xh8 Bg7xh8
10.Bc1e3 f4
11.Be3f2 dxe5
12.dxe5 Qd8xd1
13.Ra1xd1 c5
14.Ng1h3 Bh8xe5
15.Nh3xg5 Be5xc3
16.bxc3 Nb8c6
17.Rd1d6 Nc6d8
18.Bf2h4 Ng8h6
19.Ng5e4 Nd8f7
20.Rd6d1 Nh6f5
21.Bh4f6 Nf5e3
22.Rd1d2  { time }
1-0

[Event "Tourn. n9143"]
[Site "www.chess-mail.com"]
[Date "2017.02.15"]
[Round "1"]
[White "Julian"]
[Black "Bojan"]
[WhiteElo "2000"]
[BlackElo "2040"]
[Result "0-1"]
[Round "1"]
1.e4 e5
2.Ng1f3 Nb8c6
3.d4 exd4
4.Nf3xd4 Qd8f6
5.Bc1e3 Ng8h6
6.Nb1c3 Bf8b4
7.a3 Bb4xc3
8.bxc3 a6
9.Bf1e2 Nc6a7
10.O-O d6
11.f4 Qf6e7
12.Be2f3 f6
13.Qd1e2 Bc8d7
14.Ra1e1 Na7b5
15.e5 O-O-O
16.Nd4xb5 Bd7xb5
17.c4 Bb5a4
18.exd6 Qe7xd6
19.c5 Qd6e6
20.f5 Nh6xf5
21.Bf3g4 g6
22.Bg4xf5 gxf5
23.Qe2f3 Ba4d7
24.Re1b1 Bd7c6
25.Qf3f2 Rh8g8
26.g3 Bc6e4
27.c6 Qe6xc6
28.Rb1b4 Qc6xc2
29.Qf2xc2 Be4xc2
30.Rf1c1 Bc2e4
31.Be3f4 c6
32.a4 h5
33.Kf2 Rd8d3
34.Bf4e3 Rg8e8
35.Be3f4 Re8e7
36.Rb4c4 Re7d7
37.Rc1c3 Rd3xc3
38.Rc4xc3 Rd7d4
39.h3 Rd4xa4
40.Ke3 b5
41.g4 b4
42.Rc3b3 Ra4a3
43.Rb3xa3 bxa3
44.gxh5 a2
{ resign }
0-1

[Event "Tourn. n9146"]
[Site "www.chess-mail.com"]
[Date "2017.02.15"]
[Round "1"]
[White "Julian"]
[Black "Bojan"]
[WhiteElo "2000"]
[BlackElo "2020"]
[Result "1-0"]
[Round "1"]
1.e4 e5
2.Ng1f3 Nb8c6
3.d4 exd4
4.c3 dxc3
5.Nb1xc3 h6
6.Bf1c4 d6
7.O-O Bc8g4
8.Bc1e3 Nc6e5
9.Bc4e2 Bg4e6
10.Qd1a4 c6
11.Nf3xe5 dxe5
12.Rf1d1 Qd8c7
13.Ra1c1 Ng8f6
14.Nc3d5 Nf6xd5
15.exd5 Be6xd5
16.Rd1xd5 a6
17.Rd5d2 Bf8e7
18.Be2f3 O-O
19.Rc1d1 Ra8d8
20.Rd2xd8 Rf8xd8
21.Rd1xd8 Qc7xd8
22.g3 Qd8d7
23.Kg2 Kh7
24.Qa4e4 f5
25.Qe4xe5 Be7f6
26.Qe5c5 Bf6xb2
27.h4 Bb2f6
28.a3 Bf6e7
29.Qc5c3 Be7f6
30.Qc3c2 g6
31.h5 g5
32.g4 Kg7
33.Qc2xf5 Qd7xf5
34.gxf5 Kf7
35.Bf3e2 Bf6e7
36.Be2c4 Kf6
37.Bc4e6 Be7xa3
38.Be3d4 Ke7
39.Bd4g7 b5
40.Bg7xh6 Kf6
41.Kf3 c5
42.Kg4 Ba3c1
43.Bh6f8 c4
44.h6 { resign }
1-0